|
|
|
|
| LEADER |
00757naa a2200205 i 4500 |
| 001 |
publ27267 |
| 005 |
20230524151418.0 |
| 008 |
230524s2014 hu o 0|| Magyar d |
| 024 |
7 |
|
|a 2817243
|2 mtmt
|
| 040 |
|
|
|a SZTE Publicatio Repozitórium
|b hun
|
| 041 |
|
|
|a Magyar
|
| 100 |
1 |
|
|a Varga Sándor
|
| 245 |
1 |
0 |
|a Szék község honismereti bibliográfiája
|h [elektronikus dokumentum] /
|c Varga Sándor
|
| 260 |
|
|
|a Hagyományok Háza
|b Budapest
|c 2014
|
| 300 |
|
|
|a 59
|
| 300 |
|
|
|a 173-231
|
| 490 |
0 |
|
|a Széki lakodalom
|
| 650 |
|
4 |
|a Antropológia, néprajz
|
| 856 |
4 |
0 |
|u http://publicatio.bibl.u-szeged.hu/27267/1/Szeki_BIBLIOGRAFIA.pdf
|z Dokumentum-elérés
|
| 856 |
4 |
0 |
|u http://publicatio.bibl.u-szeged.hu/27267/3/2817243_c%C3%ADmlap_tartalom.pdf
|z Dokumentum-elérés
|